Zostavenie konsolidovanej účtovnej závierky v Slovenskej republike
Prezentácia a analýza ustanovenia týkajúceho sa povinnosti zostaviť konsolidovanú účtovnú závierku a rozsahu konsolidovanej účtovnej závierky. Ilustračné príklady.
Enregistré dans:
| Auteur principal: | |
|---|---|
| Format: | Chapitre de livre |
| Langue: | slovaque |
| Sujets: | |
| Tags: |
Pas de tags, Soyez le premier à ajouter un tag!
|
MARC
| LEADER | 00000naa$a2200000$$$4500 | ||
|---|---|---|---|
| 001 | 0113933 | ||
| 005 | 20240502072252.0 | ||
| 041 | 0 | |a slo | |
| 044 | |a SK | ||
| 245 | 1 | 0 | |a Zostavenie konsolidovanej účtovnej závierky v Slovenskej republike |c Renáta Parišová |
| 520 | |a Prezentácia a analýza ustanovenia týkajúceho sa povinnosti zostaviť konsolidovanú účtovnú závierku a rozsahu konsolidovanej účtovnej závierky. Ilustračné príklady. | ||
| 610 | 2 | 0 | |a jednotka účtovná |
| 610 | 2 | 0 | |a Slovensko |
| 610 | 2 | 0 | |a metódy účtovné |
| 610 | 2 | 0 | |a závierka účtovná konsolidovaná |
| 100 | 1 | |a Parišová, Renáta, 1977- | |